000 00342nam a2200145Ia 4500
008 090124s9999 xx 000 0 und d
082 _b302529
245 _a इभ्रत
250 _a1
260 _bराजे शैलजा
_c1991
300 _a152
630 _a इभ्रत
730 _a इभ्रत
942 _cBOOK
999 _c192166
_d192166